Medzinárodné podujatia a ich vplyv na spotrebu v CR a ekonomiku mesta ( v aplikácii na výstavu v meste Trenčín) diplomová práca

Guardado en:
Detalles Bibliográficos
Autor principal: Horníková, Jana
Autor Corporativo: Obchodná fakulta EU. Katedra služieb a cestovného ruchu - zrušené
Otros Autores: Novacká, Ľudmila, 1953-
Formato: Libro
Lenguaje:eslovaco
Publicado: Bratislava 2013
Etiquetas: Agregar Etiqueta
Sin Etiquetas, Sea el primero en etiquetar este registro!

MARC

LEADER 00000nbm a2200000 4500
001 0169486
005 20161109102307.2
041 0 |a slo 
044 |a SK 
245 1 0 |a Medzinárodné podujatia a ich vplyv na spotrebu v CR a ekonomiku mesta ( v aplikácii na výstavu v meste Trenčín)  |b diplomová práca  |c Jana Horníková ; školiteľ: Ľudmila Novacká 
264 1 |a Bratislava  |c 2013 
300 |a 80 s. 
100 1 |a Horníková, Jana 
700 1 |a Novacká, Ľudmila, 1953- 
710 2 |a Obchodná fakulta EU. Katedra služieb a cestovného ruchu - zrušené